History Quiz

Random History or Football Quiz

World Leaders Word Quest Quiz Stats

 Plays Quiz Updated Jan 20, 2017

Challenge
Share
Tweet
Score 0/5 Timer 05:00
1 Play Today
% Correct
Mikhail Gorbachev is correct
83.4%
Warren G. Harding is correct
70.2%
John Major is correct
57.1%
Golda Meir is correct
51.7%
Brian Mulroney is correct
20.5%

You're not logged in!

Compare scores with friends on all Sporcle quizzes.
OR
Log In

You Might Also Like...

Show Comments

Extras

Top Quizzes Today


Score Distribution

Your Account Isn't Verified!

In order to create a playlist on Sporcle, you need to verify the email address you used during registration. Go to your Sporcle Settings to finish the process.

Report this User

Report this user for behavior that violates our Community Guidelines.

Details: